000 00432nam a2200121Ia 4500
008 231228s9999 xx 000 0 und d
041 _aeng
082 _bPEA
100 _aPEARCE (Craig L.)/ MACIARIELLO (Joseph A.)
245 _aThe Drucker Difference: What the Worlds Greatest Management Thinker Means to Todays Business Leaders
260 _aNew Delhi
_bTata McGraw-Hil Publication Company Limited . Delhi
300 _aiii, 318
999 _c1064788
_d1064788